| 000 | 00477nam a22001817a 4500 | ||
|---|---|---|---|
| 003 | BD-ChCU | ||
| 005 | 20251109112242.0 | ||
| 008 | 251109b bg ||||| |||| 00| 0 ben d | ||
| 040 | _cBD-ChCU | ||
| 082 | _a561 SHE (2) | ||
| 100 |
_aShukla , A.C. _915696 |
||
| 245 |
_aEssentials of paleobotany ,/ _cA.C. Shukla |
||
| 250 | _a2nd ed. | ||
| 260 |
_aNew Delhi : _bVikas, _c C 1982 |
||
| 300 | _ax , 377p | ||
| 650 | 0 |
_aPlants , Fossil , Botany. _915698 |
|
| 942 |
_2ddc _cBK _n0 |
||
| 999 |
_c109204 _d109204 |
||